| 000 | 00388nam a22001697a 4500 | ||
|---|---|---|---|
| 005 | 20260127145511.0 | ||
| 008 | 160630b xxu||||| |||| 00| 0 eng d | ||
| 020 | _a81-89757-76-8 | ||
| 041 | _aeng | ||
| 082 | _a006.6 | ||
| 100 |
_aSharma Vikarm _93283 |
||
| 245 | _aComputer Aided Design | ||
| 260 |
_bKatson _c2011 |
||
| 300 | _a387 | ||
| 650 | _aInformation Technology | ||
| 942 | _cBK | ||
| 999 |
_c4882 _d4880 |
||